000 00439nam a2200145Ia 4500
008 230312s9999||||xx |||||||||||||| ||und||
082 _a402.3
_bGUI
100 _aRichard K. Corbin, Marguerite Blough
245 0 _aGUIDE TO MODERN ENGLISH
260 _bScott, Foresman and Company
_aChicago
_c1965
300 _a560
546 _aEng.
650 _aManagement
_vWriting Good Paragraphs, Concrete and Abstract words
942 _cBK
999 _c2009
_d2009